medicament recombinant chap 6 ue4 - Statistiques

Statistiques générales
  • Ce quiz a été pris 14 fois
  • Le résultat moyen est 1 sur 31
Statistiques - réponses
type de med caractéristique/indication nom du med recombiant % Correct
hormones recombianates diabete, represente 70% des ... vendus insuline produite par génie génétique
100%
enzymes et régulateurs d'activité enzymatique maladie de fabry agalsidase beta
0%
enzymes et régulateurs d'activité enzymatique maladie de pompe alpha-glucosidase acide
0%
hormones recombianates osteoporose analogue de la PTH
0%
anticorps monoclonaux/polyclonaux produits par géne génétiques maladie inflammatoire, polyarthrite rhumatoide/ objectif est de bloqué l'action des TNF-alpha anticoprs anti TNF-alpha
0%
anticorps monoclonaux/polyclonaux produits par géne génétiques lymphome B non Hodgkiniens Anticorps anti CD20
0%
anticorps monoclonaux/polyclonaux produits par géne génétiques cancer du sein/ 20% des cancers du seins sur exprime ce récepteurs anticorps dirigé contre le domaine extracellulaire d'ERBB2
0%
anticorps monoclonaux/polyclonaux produits par géne génétiques cencer colorecteux métastasiques/mm famille que celui d'avant anticorps dirigé contre le domaine extracellulaire EGFR
0%
vaccins recombiants cancer col de l'uterus/ Constitué de prot virales L1, papillomavirus humains de type 16 et 18 Cervarix
0%
enzymes et régulateurs d'activité enzymatique mucoviscidose/activité DNasique Dornase alpha
0%
vaccins recombiants hepatite B/ cellules de levures Engerix
0%
facteurs de coagulations recombiantes prevention des hemorragies des hémophiles B facteur IX
0%
facteurs de coagulations recombiantes Déficit en facteur VII facteur VIIa
0%
facteurs de coagulations recombiantes prevention des hemorragies des hémophiles A facteur VIII
0%
facteurs de coagulations recombiantes prevention des hemorragies des hémophiles A Facteur VIII + Facteur de Von Willebrand
0%
vaccins recombiants cancer col de l'uterus/Constitué de prot virales L1, papillomavirus humains de type 6, 11, 16 et 18 Gardasil
0%
vaccins recombiants hepatite B/ cellules de hamster Genhevac B
0%
facteurs de croissance recombinantes désordre hématologique Granulocyte colony-stimulating
0%
hormones recombianates retard de croissance hormone de croissance humaine-somatotropine
0%
enzymes et régulateurs d'activité enzymatique maladie de hunter idursulfase
0%
enzymes et régulateurs d'activité enzymatique maladie de gaucher imiglucerase
0%
cytokines recombinantes Thrombocytopénies interleukine 11
0%
cytokines recombinantes mélanome métastasique interleukine 2
0%
cytokines recombinantes certaines leucemies ou hépatites chroniques B ou C interleukine alpha 2a
0%
cytokines recombinantes sclerose en plaque interleukine beta
0%
cytokines recombinantes granulomatose chronique interleukine gamma 1b
0%
enzymes et régulateurs d'activité enzymatique multi-therapie VIH1/2, anti viral de la famille des inhibiteirs de la reverse transcriptase Lamivudine
0%
facteurs de croissance recombinantes anemie du a une insuffisance rénale ou à une dialise les erythropoïetines ou EPO
0%
les recepteurs recombinants maladie inflammatoire auto-immune comme la polyarthrite rumatoide/ objectif est de piegé la TNF-alpha endogene Récepteurs soluble liant le TNF-alpha
0%
enzymes et régulateurs d'activité enzymatique Infarctus du myocarde et embolie pulmonaire aigue/action sérine protease tissue plasminogen acvtivator ou tPA
0%
vaccins recombiants hepatite B et A Twinrix
0%
Aucun quiz correspondant
Distribution des résultats
% des personnes avec chaque résultat
Percentile par nombre de réponses
Votre historique - résultats
Vous n’avez pas pris ce quiz